How Fast Can You Type? - Statistics

General Stats
  • This quiz has been taken 86 times
  • The average score is 41 of 52
Answer Stats
Answer % Correct
a
91%
a
91%
w
89%
w
89%
d
87%
d
87%
e
87%
e
87%
q
87%
q
87%
f
84%
f
84%
h
84%
h
84%
i
84%
i
84%
t
84%
t
84%
p
82%
p
82%
r
82%
r
82%
g
80%
g
80%
j
80%
j
80%
s
80%
s
80%
u
80%
u
80%
l
78%
l
78%
o
78%
o
78%
y
78%
y
78%
k
76%
k
76%
b
73%
b
73%
c
73%
c
73%
z
73%
z
73%
m
71%
m
71%
v
71%
v
71%
x
71%
x
71%
n
69%
n
69%
No matching quizzes found
Score Distribution
Percent of People with Each Score
Percentile by Number Answered
Your Score History
You have not taken this quiz